| 000 | 02506cam a2200445Ii 4500 | ||
|---|---|---|---|
| 005 | 20260322212032.0 | ||
| 006 | data | ||
| 007 | data | ||
| 008 | data | ||
| 020 | _a9780141995151 | ||
| 020 | _a0679763880 | ||
| 020 |
_a9780679604075 _q(electronic bk.) |
||
| 020 |
_a0679604073 _q(electronic bk.) |
||
| 020 | _a9780679763888 | ||
| 024 | _a11741742 | ||
| 040 |
_aNhCcYBP _beng _cNhCcYBP |
||
| 043 | _an-us--- | ||
| 050 | 4 |
_aE185.6 _b.W685 2010 |
|
| 092 | _a304.873 W685 2010 | ||
| 100 | 1 |
_aWilkerson, Isabel. _0http://id.loc.gov/authorities/names/n2009075226 |
|
| 245 | 1 | 4 |
_aThe warmth of other suns _h[electronic resource] : _bthe epic story of America's great migration / _cIsabel Wilkerson. |
| 250 | _aFirst Vintage Books, edition. | ||
| 260 | _c2010 | ||
| 264 | 1 |
_aNew York : _bVintage Books, _c2011. |
|
| 300 | _b1 volume ; 20 cm | ||
| 336 |
_atext _btxt _2rdacontent |
||
| 337 |
_acomputer _bc _2rdamedia |
||
| 338 |
_aonline resource _bcr _2rdacarrier |
||
| 504 | _aIncludes bibliographical references and index. | ||
| 505 | 0 | _aIn the land of the forefathers. Leaving ; The Great Migration, 1915-1970 -- Beginnings. Ida Mae Brandon Gladney ; The stirrings of discontent ; George Swanson Starling ; Robert Joseph Pershing Foster ; A burdensome labor ; The Awakening ; Breaking away --Exodus. The appointed time of their crossing ; Crossing over --The kinder mistress. Chicago ; New York ; Los Angeles ; The things they left behind ; Transplanted in alien soil ; Divisions ; To bend in strange winds ; The other side of Jordan ; Complications ; The river keeps running ; The prodigals ; Disillusionment ; Revolutions ; The fullness of the migration --Aftermath. In the places they left ; Losses ; More North and West than South ; Redemption ; And, perhaps, to bloom ; The winter of their lives ; The emancipation of Ida Mae. | |
| 506 | _aAccess restricted by licensing agreement. | ||
| 533 |
_aElectronic reproduction. _bIpswich, MA _nAvailable via World Wide Web. |
||
| 588 | _aDescription based on print version record. | ||
| 648 | 7 |
_a1900 - 1999 _2fast |
|
| 650 | 0 |
_aAfrican Americans _xHistory _xHistory _y20th century. |
|
| 650 | 0 |
_aMigration, Internal _zUnited States _xHistory _y20th century. _0http://id.loc.gov/authorities/subjects/sh2010101759 |
|
| 650 | 0 |
_aRural-urban migration _zUnited States _xHistory _y20th century. |
|
| 776 | 0 | 8 |
_iPrint version: _aWilkerson, Isabel. _tWarmth of other suns. _bFirst Vintage Bks, edition, October 2011 _z9780679763888 _w(DLC) 2009049753 |
| 001 | data | ||
| 999 |
_c749 _d749 |
||